ECG interpretation made incredibly easy / (Record no. 1010)

MARC details
000 -LEADER
fixed length control field 00522nam a22001937a 4500
003 - CONTROL NUMBER IDENTIFIER
control field OSt
005 - DATE AND TIME OF LATEST TRANSACTION
control field 20150204151338.0
008 - FIXED-LENGTH DATA ELEMENTS--GENERAL INFORMATION
fixed length control field 150204b xxu||||| |||| 00| 0 eng d
020 ## - INTERNATIONAL STANDARD BOOK NUMBER
International Standard Book Number 0874348870
040 ## - CATALOGING SOURCE
Transcribing agency DNLM
082 ## - DEWEY DECIMAL CLASSIFICATION NUMBER
Classification number WG 140 E39a 1997
100 ## - MAIN ENTRY--PERSONAL NAME
Personal name Ambrose Lou mary
9 (RLIN) 2719
245 ## - TITLE STATEMENT
Title ECG interpretation made incredibly easy /
Statement of responsibility, etc. Ambrose Lou mary
260 ## - PUBLICATION, DISTRIBUTION, ETC. (IMPRINT)
Place of publication, distribution, etc. pennsylvania:
Name of publisher, distributor, etc. Springhouse
Date of publication, distribution, etc. 1997
300 ## - PHYSICAL DESCRIPTION
Extent vi,282 p:
Other physical details col.ill;
Dimensions 24cm.
504 ## - BIBLIOGRAPHY, ETC. NOTE
Bibliography, etc includes index,
650 ## - SUBJECT ADDED ENTRY--TOPICAL TERM
Topical term or geographic name as entry element ECG
9 (RLIN) 2718
942 ## - ADDED ENTRY ELEMENTS (KOHA)
Source of classification or shelving scheme Other/Generic Classification Scheme
Koha item type Short Loan
Holdings
Withdrawn status Lost status Source of classification or shelving scheme Damaged status Not for loan Home library Current library Date acquired Source of acquisition Inventory number Total Checkouts Full call number Barcode Date last seen Price effective from Koha item type
    Other/Generic Classification Scheme     MUST Main Library MUST Main Library 04/02/2015   2002/17591   WG 140 E39a 1997 2015-0262 04/02/2015 04/02/2015 Short Loan
    Other/Generic Classification Scheme     MUST Main Library MUST Main Library 04/02/2015   2002/17592   WG 140 E39a 1997 2015-0263 04/02/2015 04/02/2015 Short Loan